The world economy and financial system: A paradigm change offering a sustainable approach (Record no. 1715122)

MARC details
000 -LEADER
fixed length control field 00973nam a2200181 4500
005 - DATE AND TIME OF LATEST TRANSACTION
control field 20260311135914.0
008 - FIXED-LENGTH DATA ELEMENTS--GENERAL INFORMATION
fixed length control field 260311b |||||||| |||| 00| 0 eng d
020 ## - INTERNATIONAL STANDARD BOOK NUMBER
International Standard Book Number 9783031275296
037 ## - SOURCE OF ACQUISITION
Terms of availability Textual
040 ## - CATALOGING SOURCE
Original cataloging agency RTL
Transcribing agency RTL
084 ## - COLON CLASSIFICATION NUMBER
Assigning agency RTL
100 ## - MAIN ENTRY--PERSONAL NAME
Personal name Sumer, Levent
9 (RLIN) 1131674
245 ## - TITLE STATEMENT
Title The world economy and financial system: A paradigm change offering a sustainable approach
260 ## - PUBLICATION, DISTRIBUTION, ETC.
Place of publication, distribution, etc. Switzerland
Name of publisher, distributor, etc. Palgrave macmillan
Date of publication, distribution, etc. 2023
300 ## - PHYSICAL DESCRIPTION
Extent xxiii, 182 p.
Other physical details Includes bibliographical reference and index
520 ## - SUMMARY, ETC.
Summary, etc. This book introduces a new economic and financial system to replace the flawed current system. The past financial crises, including the Great Depression, the Global Financial Crisis, the COVID-19 pandemic, and the ongoing war between Russia and Ukraine, have showed us that the global financial system has problems and that a paradigm change and mindset shift to provide a better world to society is essential.
942 ## - ADDED ENTRY ELEMENTS (KOHA)
Source of classification or shelving scheme Colon Classification (CC)
Suppress in OPAC No
Koha item type Textual
Holdings
Withdrawn status Lost status Source of classification or shelving scheme Damaged status Not for loan Home library Current library Date acquired Total Checkouts Barcode Date last seen Price effective from Koha item type
    Colon Classification (CC)     Ratan Tata Library Ratan Tata Library 2026-03-11   Rt1528753 2026-03-11 2026-03-11 Textual
Copyright @ Delhi University Library System